Survival strategies for corporate real estate in uncertain times (Record no. 71507)

MARC details
000 -LEADER
fixed length control field 01470cam a2200229 4500
001 - CONTROL NUMBER
control field ABS66106
008 - FIXED-LENGTH DATA ELEMENTS--GENERAL INFORMATION
fixed length control field 021104n2002 000 0 eng u
035 ## - SYSTEM CONTROL NUMBER
System control number (Sirsi) u120349
100 ## - MAIN ENTRY--PERSONAL NAME
Personal name Cooke, H
245 ## - TITLE STATEMENT
Title Survival strategies for corporate real estate in uncertain times
260 ## - PUBLICATION, DISTRIBUTION, ETC.
Date of publication, distribution, etc. 2002
490 ## - SERIES STATEMENT
Series statement Journal of Corporate Real Estate
Volume/sequential designation 4(4) September 2002, 365-374(10)
520 ## - SUMMARY, ETC.
Summary, etc. Discusses the prospects for the UK property industry and corporate real estate managers (CREM) following the September 11 terrorist attacks and subsequent economic downturn. Looks at the current economic climate and the performance of property over the last few years. Provides several property market forecasts and outlines key survival strategies for CREMs which include: keeping data on properties accurate and current; reviewing the corporate real estate (CRE) strategy; delaying acquisitions; building flexibility into leases; bringing foward disposals; developing a strategy for breaks and lease expiries; looking for property investment bargains; actively managing rent collection and repair; and reassessing the risk profile on sublet properties for FRS12 provisions. Graphs. Tables.
590 ## - LOCAL NOTE (RLIN)
Local note ABS
650 ## - SUBJECT ADDED ENTRY--TOPICAL TERM
Topical term or geographic name entry element PROPERTY MARKET
650 ## - SUBJECT ADDED ENTRY--TOPICAL TERM
Topical term or geographic name entry element RENTAL VALUES
650 ## - SUBJECT ADDED ENTRY--TOPICAL TERM
Topical term or geographic name entry element ECONOMIC DOWNTURN
650 ## - SUBJECT ADDED ENTRY--TOPICAL TERM
Topical term or geographic name entry element CORPORATE REAL ESTATE MANAGEMENT
650 ## - SUBJECT ADDED ENTRY--TOPICAL TERM
Topical term or geographic name entry element PROPERTY-COMMERCIAL PROPERTY
690 ## - LOCAL SUBJECT ADDED ENTRY--TOPICAL TERM (OCLC, RLIN)
Topical term or geographic name as entry element PROPERTY MANAGEMENT-CORPORATE REAL ESTATE
942 ## - ADDED ENTRY ELEMENTS (KOHA)
Suppress in OPAC 0
Holdings
Withdrawn status Lost status Source of classification or shelving scheme Damaged status Not for loan Home library Current library Shelving location Date acquired Total Checkouts Full call number Barcode Date last seen Copy number Price effective from Koha item type
    Dewey Decimal Classification     London London Journal article 04/11/2002   ABS66106 120349-1001 06/08/2019 1 06/08/2019 Journal article